Strengths and Weaknesses of the Competitiveness of the Slovak Economy diplomová práca

Uložené v:
Podrobná bibliografia
Hlavný autor: Štundová, Alexandra
Korporácia: Národohospodárska fakulta EU. Katedra financií, University of Pavia. Department of Economics and Management
Ďalší autori: Ochotnický, Pavol
Médium: Kniha
Jazyk:English
Vydavateľské údaje: Bratislava 2023
Tagy: Pridať tag
Žiadne tagy, Buďte prvý, kto otaguje tento záznam!

MARC

LEADER 00000nbm a2200000 4500
001 0295496
005 20231128105541.7
041 0 |a eng 
044 |a SK 
245 1 0 |a Strengths and Weaknesses of the Competitiveness of the Slovak Economy  |b diplomová práca  |c Alexandra Štundová ; školiteľ: Pavol Ochotnický 
264 1 |a Bratislava  |c 2023 
300 |a 66 s. 
100 1 |a Štundová, Alexandra 
700 1 |a Ochotnický, Pavol 
710 2 |a Národohospodárska fakulta EU. Katedra financií 
710 2 |a University of Pavia. Department of Economics and Management